000 01383nam a2200349 i 4500
001 000012266
003 DO-SdBNP
005 20250203083027.0
007 ta
008 091110s1999 pr r 000 0 spa d
020 _a1881715469
040 _aDO-SdBNP
_bspa
_cBNPHU
_erda
041 _aspa
082 4 _a860.9
_bF727p
_222
100 1 _aFornerín, Miguel Ángel,
_d1960-
_eautor
_4aut.
_922504
245 1 0 _aPuerto Rico y Santo Domingo también son... /
_cMiguel Ángel Fornerín ; correción, Rosario Núñez de Ortega y José Ortega.
264 4 _aSan Juan, Puerto Rico :
_bEditorial Isla Negra,
_bCentro de Estudios Avanzados de Puerto Rico y el Caribe,
_c©1999.
300 _a241 páginas ;
_c23 cm.
336 _atexto
_btxt
_2rdacontent
337 _asin mediación
_bn
_2rdamedia
338 _avolumen
_bnc
_2rdacarrier
490 0 _aVisiones y cegueras
500 _aIncluye datos biográficos del autor en la solapa de la cubierta.
504 _aBibliografía : p. 237-241.
590 _aInventariado, 2018/BT
650 4 _aLiteratura puertorriqueña
_ySIGLO XX
_xHistoria y crítica
_928912
650 4 _aLiteratura dominicana
_ySIGLO XX
_xHistoria y crítica
_923151
700 1 2 _aNúñez de Ortega, Rosario,
_ecorrección
_928913
_4corr.
700 1 2 _aOrtega, José,
_ecorrección
_928914
_4corr.
910 _aValidado. Control de calidad. MFF
942 _2ddc
_cLBS1
999 _c11924
_d11924